Normal view
MARC view
- Cram (Ceirame Mario)
Entry Personal Name
001 - CONTROL NUMBER
- control field: 3118
003 - CONTROL NUMBER IDENTIFIER
- control field: IT-RoPau
005 - DATE AND TIME OF LATEST TRANSACTION
- control field: 20131123104855.0
008 - FIXED-LENGTH DATA ELEMENTS
- fixed length control field: 131123|| aca||aabn | a|a d
040 ## - CATALOGING SOURCE
- Original cataloging agency: IT-RoPau
- Transcribing agency: IT-RoPau
100 ## - HEADING--PERSONAL NAME
- Personal name: Cram (Ceirame Mario)
- Dates associated with a name: Codice autore musica SPICS: 13541
- Relator term: Autore musica
- Name of part/section of a work: Se io fossi milionario
670 ## - SOURCE DATA FOUND
- Source citation: Work cat.: (IT-RoPau)100115: AA.VV. 794, Swing (Lo)-Disco